01102 a2200217 4500003000500000005001700005010001600022020002800038040000900066082001600075100003600091245004800127250001200175260005300187300003800240505040800278650004200686942001200728999001900740952012500759Nust20230126130822.0 a 00052290 a076682764X (alk. paper) cNust00a910.285,DAV1 aDavis, Bruce Ellsworth.910777010aGIS :ba visual approach /cBruce E. Davis. a2nd ed. aAlbany, N.Y. :bDelmar Thomson Learning,cc2001. ax, 438 p. :bill., maps ;c24 cm. aGIS and The Information Age (Page-1), Geographic Data and the Database (Page-29), Raster and Vector Data (Page-61), Topology (Page-93), Data Entry (Page-109), Data Quality and Management (Page-157), Inventory Operations (Page-199), Basic Analysis (Page-225), Advanced Analysis (Page-269), Site Suitability and Models (Page-317), GIS Output (Page-349), The Future of GIS and GIS in the Future (Page-395). 0aGeographic information systems.96117 2ddccBK c186912d186912 00102ddc4070aMCSbMCScGENd2016-12-12o910.285,DAVpMCS28433r2016-12-08w2016-12-12yBKzAlmirah No.58, Shelf No.6